| 000 | 00374 a2200133 4500 | ||
|---|---|---|---|
| 001 | 88447 | ||
| 082 | _aPR 662 | ||
| 090 |
_c41872 _d41872 |
||
| 100 | _aAkhtar Husain | ||
| 245 | _aComparison of experimental CD of axially symmetric bodies with linear theory | ||
| 260 |
_aKarachi _bUniversity of Karachi _c1971 |
||
| 300 | _a40p. | ||
| 500 | _aBE Project Reports | ||
| 942 |
_aUniversity of Karachi _kPR 662 |
||
| 999 |
_c323520 _d323520 |
||